[Event "Lee Cup 4th"]
[Site "Beijing"]
[Date "1997.08.28"]
[Round "5"]
[White "Xu, Jun"]
[Black "Liang, Chong"]
[Result "1/2-1/2"]
[WhiteElo "2505"]
[BlackElo "2360"]
[Annotator "Ribli,Z"]
[PlyCount "94"]
[EventDate "1997.08.23"]
[EventType "swiss"]
[EventRounds "11"]
[EventCountry "CHN"]
[SourceTitle "CBM 061"]
[Source "ChessBase"]
[SourceDate "1997.11.23"]
[SourceVersion "1"]
[SourceVersionDate "1997.11.23"]
[SourceQuality "1"]

1. c4 Nf6 2. Nc3 c5 3. Nf3 e6 4. g3 b6 5. Bg2 Bb7 6. O-O Nc6 {Eine selten
gespielte Variante.Ribli.} (6... Be7) 7. b3 Be7 8. Bb2 O-O 9. e3 d5 10. cxd5
Nxd5 (10... exd5 11. d4 $14) 11. Nxd5 Qxd5 (11... exd5 12. d4 {[%csl Rc5,Rd5]}
Qd7 (12... Re8 13. dxc5 bxc5 14. Qd2 Qb6 15. Rfd1 Rad8 16. Rac1 Bc8 $2 17. Qc3
$14 Bf6 18. Qxc5 Qxc5 19. Rxc5 Bxb2 20. Rxc6 Bg4 21. Rd2 Rc8 22. Rxc8 Rxc8 23.
h3 {1-0 Damljanovic,B-Anand,V/Reggio Emilia 1988}) (12... Ba6 13. Re1 c4 14.
Bc3 Rc8 15. Qd2 Qd6 16. Ne5 cxb3 17. axb3 Bb5 18. Nxc6 Rxc6 19. Rxa7 $18 {
1-0 Csom,I-Jakobetz,L/HUN-chT 1993 (31)}) 13. Qb1 Rfd8 14. Rd1 Qe6 15. Bc3 Qg6
16. Qb2 Bc8 17. Rd2 Bf5 18. dxc5 bxc5 19. Rad1 Be4 20. Ne1 Qh6 21. Bxe4 dxe4
22. Ng2 Rxd2 23. Rxd2 Rd8 24. Rxd8+ Nxd8 25. Qa3 $14 {Sherbakov,R-Upton,T/
Cappelle op 1995/1-0 (54)}) 12. d4 {Meines Erachtens hat Weiß leichten Vorteil,
weil seine Läufer auf den großen Diagonalen postiert sind und die schwarze
Dame exponiert steht. Die symmetrische Bauernverteilung bietet Schwarz
allerdings immer gute Remischancen.} Nb4 (12... Qd8 $6 13. dxc5 Bxc5 14. Ne5
Nxe5 15. Bxb7 Rb8 16. Be4 Nd7 17. b4 Be7 18. Qa4 Bf6 19. Rad1 Bxb2 20. Rxd7 Qc8
21. Qxa7 Qc4 22. Bd3 Qc3 23. Rd1 Qe5 24. Bf1 Bc3 25. a3 g6 26. Bg2 Qf6 27. Bb7
{Portisch,L-Unzicker,W/EU-chT Bath 1973/EU-chT/1-0 (44)}) (12... Rad8 $6 13.
Ne5 Qd6 14. dxc5 Qxc5 15. Qe2 Nxe5 16. Bxb7 Bf6 17. Rfd1 Ng4 18. Bxf6 Nxf6 19.
Qa6 Ng4 20. h3 Ne5 21. Qxa7 h5 22. Qa4 $16 {1-0 Botvinnik,M-Keres,P/Amsterdam
1966 (40)}) (12... Qh5 $6 13. dxc5 Bxc5 14. Ne5 Qxd1 15. Rfxd1 Na5 16. Bxb7
Nxb7 17. Rd7 Nd8 18. Nd3 Nc6 19. Nxc5 bxc5 20. Rc1 $18 {1-0 Schirm,F-Schaefer,
M/Wiesbaden op 1993 (31)}) (12... Na5 13. Ba3 Rfd8 14. Rc1 Qf5 15. Qe2 Be4 16.
Rfd1 Nc6 17. dxc5 $14 {Toran Albero,R-Darga,K/Skopje (ol) 1972/1/2-1/2 (65)}) (
12... Rfd8 $6 13. Ne5 Qd6 14. Qh5 g6 15. Qf3 Nxe5 16. Qxb7 Nd3 17. dxc5 Nxc5
18. Qxa8 Rxa8 19. Bxa8 Qd2 20. Bd4 a5 21. Bf3 h5 22. Rfd1 Qc2 23. Rac1 Qf5 24.
Be2 Bf6 25. Rxc5 $1 $18 {1-0 Panchenko,A-Lengyel,L/Sochi 1981 (31)}) 13. dxc5
$146 (13. Ne1 Qd7 14. Bxb7 Qxb7 15. dxc5 Bxc5 16. a3 Rfd8 17. Qg4 f5 18. Qc4
Nd5 19. e4 fxe4 20. Qxe4 Qf7 21. Nd3 Rac8 22. Rfe1 Re8 23. Rac1 $14 {[%csl Re6]
Dizdar,G-Agustsson,J/Reykjavik op 1988/TD 88\05/1-0 (56)}) (13. a3 Na6 14. e4
Qh5 15. Re1 Rfd8 16. d5 Nc7 17. Nd2 Qh6 18. Be5 Ne8 19. Nc4 f6 20. Bf4 $14 {
1-0 Levitina,I-Maric,M/Belgrade 1992/TD 92\07 (34)}) (13. Nh4 $5 {Meiner
Meinung nach verschafft dieser Zug Weiß Vorteil.} Qd7 14. dxc5 Qxd1 15. Rfxd1
Bxg2 16. Kxg2 (16. Nxg2 Bxc5 17. a3 Nc6 18. b4 Be7 19. b5 Na5 20. Rd7 Bc5 21.
a4 Rfd8 22. Rad1 Be7 {1/2-1/2 Becker,M-Gross,D/BL9697 Passau-St.Ingbert 1996 
(32)}) 16... Bxc5 17. a3 Nd5 18. b4 $1 (18. e4 Nf6 {Nogueiras,J-Arencibia,J/
CUB-ch Holguin 1991/EXT 91ch/0-1 (38)}) 18... Be7 19. Nf5 $1 Bf6 20. Bxf6 Nxf6
21. Ne7+ Kh8 22. Rac1 $16 {Nogueiras,J}) 13... Rfd8 $5 (13... Bxc5 14. Qxd5 (
14. a3 Nd3 15. Nh4 Nxb2 16. Bxd5 Nxd1 17. Bxb7 Rab8 18. Bf3 Nb2 $11) 14... Bxd5
$11) (13... Qxc5 14. Rc1 {[%csl Gc1,Rc5]}) (13... Qxd1 14. Rfxd1 Bxc5 15. a3 $6
Nc2 16. Rac1 Nxe3 17. fxe3 Bxe3+ 18. Kf1 Bxc1 19. Rxc1 Rac8 $15) 14. cxb6 (14.
Qxd5 Bxd5 15. cxb6 axb6 16. a3 Nc2 (16... Nd3 17. Bd4 Rxa3 18. Rxa3 Bxa3 19.
Bxb6 Rb8 $11) 17. Rac1 Bxb3 18. Nd2 $14) 14... axb6 15. a3 Nd3 {[%csl Gd3]
Schwarz hat einen Bauern weniger, dafür aber aktives Gegenspiel und
positionellen Druck.Ribli.} 16. Bd4 Qb5 $44 17. a4 Qa6 {[%csl Gd3]} 18. Qe2 e5
$5 {Wie im WolgaGambit hat Schwarz keine konkreten Drohungen, aber sein
positioneller Druck kompensiert den materiellen Nachteil.} 19. Bb2 (19. Nxe5
Bxg2 20. Kxg2 Nf4+ $19) 19... Bd5 20. Ba3 (20. b4 $2 Bxb4 21. Nxe5 Bxg2 22.
Kxg2 Nf4+ $19) 20... Bf6 (20... Bxa3 21. Rxa3 $14) 21. Rab1 b5 (21... Rac8) 22.
Rfd1 e4 23. Ne1 (23. Nd2 Qe6 {[%cal Ga8a3]} (23... Qb7)) 23... Qb7 24. Nxd3 {
Nach den Vereinfachungen entsteht ein Turmendspiel mit 4P gegen 3P, das
theoretisch remis ist. Es ist aber auch nicht zu sehen, wie Weiß seinen
Vorteil halten könnte. Ribli.} exd3 25. Qf1 $8 Bxg2 26. Qxg2 Qxg2+ 27. Kxg2
bxa4 28. bxa4 Rxa4 29. Rb3 d2 (29... g6 30. Rdxd3 Rxd3 31. Rxd3 $14 {Mit den
Läufern auf dem Brett hat Weiß hat etwas bessere Chancen als im Turmendspiel,
aber mit gutem Spiel muß Schwarz Remis halten.}) 30. Kf3 {[%csl Gf3]} Rc4 31.
Bb2 Bxb2 32. Rxb2 h5 $1 {Die einzige Gefahr für Schwarz in diesem Endspiel
besteht darin, mit g4 und h4 niedergedrückt zu werden.} 33. Rbxd2 Rxd2 34. Rxd2
g6 35. h3 $14 {Das Endspiel ist theoretisch remis, aber Weiß kann bis zum Ende
spielen.Ribli.} Kg7 36. g4 hxg4+ 37. hxg4 g5 38. Rd4 Rc2 (38... Rxd4 $4 39.
exd4 $18) 39. Rd3 Ra2 40. Kg3 f6 41. f4 gxf4+ 42. exf4 Ra1 $11 43. Rd7+ Kf8 $5
(43... Kg6) 44. Kf3 Rg1 45. Ra7 Kg8 46. Ra8+ Kf7 47. Ra7+ Kf8 {Und endlich
wurde Remis gegeben.Ribli.} 1/2-1/2

[Event "Bermuda"]
[Site "Bermuda"]
[Date "2005.02.03"]
[Round "5"]
[White "Macieja, Bartlomiej"]
[Black "Vescovi, Giovanni P"]
[Result "1-0"]
[WhiteElo "2618"]
[BlackElo "2645"]
[Annotator "Ribli,Z"]
[PlyCount "101"]
[EventDate "2005.01.30"]
[EventType "tourn"]
[EventRounds "10"]
[EventCountry "BER"]
[EventCategory "17"]
[SourceTitle "CBM 106"]
[Source "ChessBase"]
[SourceDate "2005.06.06"]
[SourceVersion "1"]
[SourceVersionDate "2005.06.06"]
[SourceQuality "1"]

1. Nf3 Nf6 2. c4 e6 3. g3 d5 4. Bg2 Be7 5. O-O O-O 6. b3 {Mit diesem Zug
spielt Weiß eine Nebenvariante; die Fortsetzung 6.d4 leitet in die
Katalanische Verteidigung über.} c5 (6... b6 7. Bb2 Bb7 8. e3 c5) 7. Bb2 Nc6 8.
e3 d4 (8... b6 9. Nc3 Bb7 (9... Ba6) 10. cxd5 Nxd5 (10... exd5 11. d4 $14) 11.
Nxd5 Qxd5 (11... exd5 12. d4 $14) 12. d4 $14) 9. exd4 cxd4 {Diese Stellung
erinnert an die Benoni-Verteidigung.} 10. Re1 {Mit dem Textzug verhindert Weiß
10...e5.} Ne8 11. d3 (11. Ne5 Nxe5 12. Rxe5 f6 13. Re1 e5 14. d3 $14) 11... Nc7
{Stattdessen kommt 11...f6 nebst 12...e5 in Betracht.} (11... f6 12. Nh4 (12.
Ba3 e5 13. Bxe7 Qxe7 14. a3 a5 15. Nbd2 Nc7 16. Qc2 (16. Ne4 Kh8 $11) 16... Be6
17. Ne4 Kh8 18. h4 h6 19. Nh2 Rad8 20. Nd2 g5 {1/2-1/2 Hickl,J-Chuchelov,V/St
Ingbert GER 2004 (43) Ribli}) (12. Na3) 12... f5 13. Nf3 Bf6 14. Na3 e5 15. Nc2
a5 16. a3 Nc7 17. Rb1 Be6 18. b4 e4 $6 19. dxe4 d3 20. e5 $1 dxc2 21. Qxc2 Be7
22. b5 Nb8 23. Nd4 {1-0 Bistric,F-Potocnik,P/Pula CRO 2000 (26)}) 12. Na3 f6
13. Nc2 e5 14. Nh4 {Mit diesem Zug bereitet Weiß 15.f4 vor, so dass der
folgende Textzug von Schwarz erzwungen ist.} (14. a3 a5 15. Nh4 g5 16. Nf3 Bf5
17. Qe2 Ne6 18. b4 axb4 19. axb4 Rxa1 20. Rxa1 Nxb4 21. Nxb4 Bxb4 22. h4 h6 23.
hxg5 hxg5 24. Nd2 Nc5 25. Ne4 Nxe4 26. Bxe4 Bxe4 27. Qxe4 $44 {1/2-1/2 Schmidt,
P-Vandrey,W/Germany 1991/TD (39)}) (14. Qd2 a5 15. a3 Rb8 16. b4 axb4 17. Nxb4
Bd7 18. Rac1 Ne6 19. Nd5 {1/2-1/2 Claesen,P-Chuchelov,V/Belgium BEL 2005/(43)})
(14. Qe2 {[%cal Ge1e7]} Re8 15. Nd2 a5 16. Qf1 {[%cal Gf2f4]} Nb4 (16... a4 $5)
17. Nxb4 Bxb4 $1 $11 18. Re2 (18. Qe2 a4 $36) 18... Bg4 $1 19. f3 (19. Bf3 Bxf3
20. Nxf3 Qd7 $15) 19... Bh5 {1/2-1/2 Espig,L-Bischoff,K/Hoeckendorf 2004/CBM
100/[Ribli] (38)}) 14... g5 15. Nf3 Be6 {Dieser Lauferzug erscheint natürlich,
aber er bietet Weiß eine chancenreiche Kombination.} (15... Bf5 $5) 16. Nfxd4
$5 {[%mdl 4] In ähnlicher Weise opferte Weiß in der Partie Mestel,J - Flear,G
Großbritannien (ch) 1990. Nach den Zügen 14.a3 (statt 14.Nh4) a5 15.Rb1 Be6 16.
Nfxd4!? Nxd4 17.Bxd4 exd4 18.Rxe6 Nxe6 19.Bd5} exd4 (16... Nxd4 17. Bxd4 exd4
18. Rxe6 Nxe6 19. Bd5 Kh8 20. Bxe6 $44 {[%csl Ge6,Yf5][%cal Ge6f5]}) 17. Rxe6
Nxe6 18. Bd5 $44 {[%csl Re6] Weiß hat nur einen Mehrbauern für den Turm,
gewinnt jedoch auch den e6-Springer.} Kh8 (18... Qd6 19. Qe2 Ncd8 $6 20. Nxd4
$16) 19. Bxe6 {Weiß besitzt zwar nur einen Bauern für die Qualität jedoch auf
den weißen Feldern positionellen Druck.} Bc5 (19... f5 20. Qf3 $44 (20. Qh5 $44
)) 20. Bf5 {[%csl Gf5]} Qc7 (20... Ne7 21. Qf3 Nxf5 22. Qxf5 $44) 21. a3 a5 22.
Rb1 $1 {Weiß bereitet b3-b4 vor.} Rad8 23. Ba1 {[%cal Gb3b4]} Bd6 (23... Qd6 $2
24. Qh5 Qe7 25. b4 $16) 24. b4 axb4 25. axb4 Be5 26. b5 Ne7 27. b6 {[%csl Gb6]}
Qd6 $6 (27... Qb8 28. Be4 $44) 28. Be4 Rd7 29. Rb5 {[%csl Gb5]} f5 $2 {Schwarz
verjagt den weißen Läufer, aber schwächt gleichzeitig die Diagonale a1-h8.} (
29... Qe6 30. Qh5 $44) 30. Bxb7 $1 $16 {[%mdl 64] Mit diesem Zug gewinnt Weiß
einen Schlüsselbuern.} (30. Bd5 $44) 30... f4 (30... Rxb7 31. Rxe5 $18 {
[%csl Rd4,Rh8][%cal Ra1h8]}) 31. Bg2 (31. c5 Qf6 32. Be4 fxg3 33. fxg3 $16)
31... fxg3 32. fxg3 Nf5 33. b7 {[%csl Gb7]} Re7 34. Qf3 {[%csl Rf5][%cal Rf3f5,
Rb7b8] Es droht 35.b8Q Rxb8 36.Rxb8 Qxb8 37.Qxf5.} (34. Be4 $16) 34... Qh6 35.
Qxf5 $5 {Ein schönes Damenopfer; die prosaische Fortsetzung 35.b8Q wäre jedoch
ebenso erfolgreich.} (35. b8=Q Rxb8 (35... Bxb8 36. Rxf5 $18 (36. Rxb8 Rxb8 37.
Qxf5 Rb1+ 38. Kf2 Rxa1 39. Nxa1 $18)) 36. Rxb8+ Bxb8 37. Qxf5 $18) 35... Rxf5
36. Rxe5 (36. Nxd4 Rf8 37. b8=Q Rxb8 38. Rxb8+ Bxb8 39. Nf5+ $18) 36... Rxb7 (
36... Rfxe5 37. b8=Q+ $18) 37. Rxf5 $18 {Weiß hat jetzt deutlichen
Materialvorteil und droht 38.Bxd4+.} Rb1+ 38. Rf1 Rxf1+ 39. Bxf1 {[%csl Ga1,
Gc2,Rd4,Gf1] Weiß verfügt über drei Leichtfiguren gegen die Dame und gewinnt
auch den d4-Bauern. Die schwarze Stellung ist bereits hoffnungslos.} Kg8 40.
Bxd4 Qh5 41. Ne3 Qg6 42. Nd5 (42. Be5 g4 43. d4 Qe4 44. Nd5 $18) 42... Kf7 43.
Nf6 Qf5 44. Ne4 Kg6 45. Be3 h6 46. c5 Qf7 47. Bf2 (47. c6 Qc7 48. Bg2 Qxc6 49.
Nxg5 $18) 47... Qb7 48. Nd6 Qf3 49. Nc4 Kf6 50. d4 Ke7 51. Ne3 1-0

[Event "Altensteig"]
[Site "Altensteig"]
[Date "1991.??.??"]
[Round "5"]
[White "Fauland, Alexander"]
[Black "Van der Sterren, Paul"]
[Result "0-1"]
[WhiteElo "2475"]
[BlackElo "2485"]
[Annotator "Ribli,Z"]
[PlyCount "146"]
[EventDate "1991.07.??"]
[EventType "tourn"]
[EventRounds "11"]
[EventCountry "GER"]
[EventCategory "11"]
[SourceTitle "CBM 025"]
[Source "ChessBase"]
[SourceDate "1991.12.01"]
[SourceVersion "1"]
[SourceVersionDate "1991.12.01"]
[SourceQuality "1"]

1. Nf3 Nf6 2. c4 e6 3. g3 d5 4. b3 Be7 5. Bg2 O-O 6. O-O b6 7. Bb2 Bb7 8. e3
Nbd7 9. Nc3 dxc4 $1 (9... Ne4 10. Ne2 a5 11. d3 Bf6 12. Qc2 Bxb2 13. Qxb2 Nd6
14. cxd5 Bxd5 15. d4 c5 16. Rfd1 Rc8 17. Nf4 $14 {Kasparov-Karpov Sevilla m
1987 44/11 CBM/4}) 10. bxc4 Nc5 11. d4 (11. Ne5 Bxg2 12. Kxg2 Nd3 $10) 11...
Nce4 12. Nxe4 Bxe4 13. Qa4 c5 14. Ne5 Bxg2 15. Kxg2 Qc7 16. Rfd1 Bd6 17. Nf3
cxd4 18. exd4 Rac8 19. Rac1 Rfe8 20. Qa6 (20. d5 e5 $13) 20... Nd7 21. Re1 Bf8
22. Qb5 Qb7 23. a4 a6 24. Qb3 Red8 25. Kg1 Qc6 26. Re3 Qd6 27. Qc2 h6 28. Ba3
Qc6 29. Bxf8 Rxf8 30. Rc3 Rfd8 31. Qb3 Qd6 32. Kg2 Rc7 33. Qa2 Rdc8 34. R3c2
Nf6 35. a5 bxa5 36. Qxa5 Qc6 37. Qa3 Rb8 38. Kg1 Rcb7 39. Ne5 Qe4 40. Qxa6 Rb1
$1 41. Qa2 Rxc1+ 42. Rxc1 Qxd4 43. Nc6 Qb2 44. Qxb2 Rxb2 45. Ne5 g5 46. c5 Rb7
47. Kg2 Nd5 48. Kf3 Rb3+ 49. Ke2 f6 50. Nc4 Kf7 51. Nd2 Ra3 52. c6 Ra7 53. Kd3
Rc7 54. Kd4 Ne7 55. Ne4 Rxc6 56. Rxc6 Nxc6+ 57. Kc5 Ne5 58. Kd6 Nd3 59. f3 f5
60. Nc3 Kf6 61. Ne2 Ne5 62. Nd4 Nc4+ 63. Kc5 Nd2 64. f4 gxf4 65. gxf4 e5 66.
Ne2 exf4 67. Nxf4 Ke5 68. Nd3+ Ke4 69. Nf2+ Kf3 70. Nd3 Ke3 71. Kd5 f4 72. Ne5
h5 73. Ke6 f3 0-1

[Event "Hoogovens-B"]
[Site "Wijk aan Zee"]
[Date "1991.01.??"]
[Round "5"]
[White "Barbero, Gerardo F"]
[Black "Van der Sterren, Paul"]
[Result "0-1"]
[WhiteElo "2495"]
[BlackElo "2475"]
[Annotator "Ribli,Z"]
[PlyCount "102"]
[EventDate "1991.01.??"]
[EventType "tourn"]
[EventRounds "11"]
[EventCountry "NED"]
[EventCategory "9"]
[SourceTitle "CBM 022"]
[Source "ChessBase"]
[SourceDate "1991.06.01"]
[SourceVersion "1"]
[SourceVersionDate "1991.06.01"]
[SourceQuality "1"]

1. Nf3 d5 2. c4 e6 3. b3 Nf6 4. g3 Be7 5. Bg2 O-O 6. O-O b6 7. Bb2 Bb7 8. e3
Nbd7 9. d3 (9. Qe2 c5 10. d3 Qc7 11. Nbd2 {Hodgson,Ju-Adams,M Blackpool zt
1990 CBM/18}) 9... dxc4 10. bxc4 Nc5 11. Ne5 (11. d4 Nce4 12. a4 c5 13. Na3 Rc8
{Spraggett,K-Yusupov,A Quebec cq 1989 CBM/11 47/14}) 11... Bxg2 12. Kxg2 Qe8 (
12... Bd6 $5) 13. Nc3 Bd6 14. f4 Rd8 15. Qf3 Na4 16. Nxa4 Qxa4 17. Nc6 Ng4 18.
Rfe1 (18. Qxg4 Qxc6+ 19. Kh3 g6 20. Bf6 (20. Qg5 f5 21. Qh6 Rf7) 20... Rd7 21.
Qg5 Re8) 18... Rde8 19. h3 Nh6 20. Re2 Nf5 21. Rg1 Bc5 22. Rge1 Ne7 23. Nxe7+
Bxe7 24. Qg4 g6 25. e4 Rd8 26. Qf3 Qc6 27. g4 Rd7 28. f5 exf5 29. gxf5 Rfd8 30.
Rd1 Bc5 31. fxg6 $2 Qxg6+ $1 32. Qg4 (32. Kh2 Rxd3 $1 33. Rxd3 Rxd3 34. Qxd3
Qg1#) 32... Rxd3 33. Rxd3 Rxd3 34. Be5 Bd6 35. Qxg6+ hxg6 36. Bxd6 Rxd6 37. c5
Rd3 38. cxb6 cxb6 39. h4 Ra3 40. e5 Kf8 41. e6 fxe6 42. Rxe6 Rxa2+ 43. Kg3 Kf7
44. Rc6 b5 45. Kf4 b4 46. Rc7+ Ke6 47. Rb7 a5 48. Kg5 Rg2+ 49. Kh6 Kd5 50. Rb5+
Kc4 51. Rxa5 b3 {(2.13/2.13)} 0-1

[Event "Salamanca"]
[Site "Salamanca"]
[Date "1991.??.??"]
[Round "5"]
[White "Rivas Pastor, Manuel"]
[Black "Hoffman, Alejandro"]
[Result "0-1"]
[WhiteElo "2450"]
[BlackElo "2415"]
[Annotator "Ribli,Z"]
[PlyCount "74"]
[EventDate "1991.04.??"]
[EventType "tourn"]
[EventRounds "11"]
[EventCountry "ESP"]
[EventCategory "10"]
[SourceTitle "CBM 023"]
[Source "ChessBase"]
[SourceDate "1991.08.01"]
[SourceVersion "1"]
[SourceVersionDate "1991.08.01"]
[SourceQuality "1"]

1. Nf3 Nf6 2. c4 e6 3. g3 d5 4. b3 Be7 5. Bg2 O-O 6. O-O b6 7. Bb2 Bb7 8. e3 c5
9. Qe2 Nc6 10. d3 $6 (10. Rd1 $5) 10... Qc7 11. Rd1 Rad8 12. Nc3 Qb8 13. Rac1
Rfe8 14. d4 (14. cxd5 $5 Nxd5 15. Nxd5 Rxd5 16. d4) 14... cxd4 15. exd4 dxc4
16. bxc4 Bf8 17. h3 Qa8 18. Nb5 Rc8 19. Qf1 a6 20. Na3 Nb4 $5 21. d5 exd5 22.
Bxf6 gxf6 23. Nh4 Nxa2 24. Rc2 Nb4 25. Rcd2 dxc4 26. Bxb7 Qxb7 27. Nxc4 Rc6 28.
Nf5 Qb8 29. Rd4 Nc2 30. Rg4+ Kh8 31. Qd3 Re1+ 32. Rxe1 Nxe1 33. Qe2 Qc8 34. Ne7
$2 (34. Qxe1 $1 Rxc4 35. Rxc4 Qxc4 36. Qe8 $13) 34... Bxe7 35. Qxe7 Nf3+ $1 36.
Kg2 Ng5 37. Rd4 $2 Qxh3+ 0-1

[Event "Candidates qf3"]
[Site "Quebec"]
[Date "1989.??.??"]
[Round "9"]
[White "Spraggett, Kevin"]
[Black "Jussupow, Artur"]
[Result "0-1"]
[WhiteElo "2575"]
[BlackElo "2610"]
[Annotator "Ribli,Z"]
[PlyCount "100"]
[EventDate "1989.02.??"]
[EventType "match"]
[EventRounds "9"]
[EventCountry "CAN"]
[SourceTitle "Candidates"]
[Source "ChessBase"]
[SourceDate "1999.07.01"]
[SourceVersion "2"]
[SourceVersionDate "1999.07.01"]
[SourceQuality "1"]

1. c4 e6 2. Nf3 d5 3. b3 Nf6 4. g3 b6 5. Bg2 Bb7 6. O-O Nbd7 7. Bb2 Be7 8. e3
O-O 9. d3 {9.Nc3 -> Kasparov,G-Karpov,An (24)/Sevilla-Wch/1987/} (9. Qe2 dxc4
10. bxc4 Nc5 11. d4 Na4 $13) 9... dxc4 10. bxc4 Nc5 $1 11. d4 $6 Nce4 12. a4 c5
13. Na3 Rc8 14. Qb3 cxd4 15. exd4 Qc7 16. Rac1 Rfd8 {16...Qb8!?} 17. Rc2 (17.
Nb5 Qb8 18. d5 exd5 19. Be5 dxc4 20. Rxc4 Bd5 $1 21. Bxb8 Bxc4) 17... Qb8 18.
Ne5 Qa8 $1 19. f3 Nd6 20. g4 $2 {20.Bh3! /\ d5; Qe3,Ne5;} Nd7 $1 21. Nd3 (21.
f4 Bxg2 22. Rxg2 Qe4 $1) 21... a6 $1 22. h3 Rc7 $1 23. Bc1 Bf6 24. Be3 h6 $1
25. Nb1 $2 b5 $1 26. axb5 axb5 27. c5 (27. cxb5 Rxc2 28. Qxc2 Nxb5) 27... Nc4
28. Ra2 (28. Bf2 Bxf3 29. Bg3 Bxd4+ 30. Kh2 Bxg2 31. Bxc7 Bxf1 32. Bxd8 Qf3)
28... Qxa2 $1 29. Qxa2 Nxe3 30. Rc1 Bxd4 31. Kh1 Nxc5 32. Nxc5 Rxc5 33. Rxc5
Bxc5 34. Nc3 Rd3 35. Nxb5 Nxg2 $6 (35... Bc6 $1 $19 36. Qa6 Bxb5 37. Qc8+ (37.
Qxb5 Rd1+ 38. Kh2 Bd6+) 37... Bf8) 36. Qc2 $1 {36.Kxg2 Rxf3} Ne1 37. Qxc5 Nxf3
{37...Rd2!?} 38. Kg2 Rd2+ 39. Kg3 Ng5 40. Nd6 $4 Rxd6 41. Qc7 Rd3+ 42. Kf2
Nxh3+ 43. Ke2 Be4 44. Qb8+ Kh7 45. Qb4 f5 46. gxf5 exf5 47. Qe7 Nf4+ 48. Kf2
Rd2+ 49. Ke1 Re2+ 50. Kd1 Bc2+ 0-1

[Event "Belgrade IKO"]
[Site "Belgrade"]
[Date "1992.??.??"]
[Round "1"]
[White "Damljanovic, Branko"]
[Black "Ostojic, Nikola"]
[Result "1-0"]
[WhiteElo "2595"]
[BlackElo "2460"]
[Annotator "Ribli,Z"]
[PlyCount "107"]
[EventDate "1992.07.??"]
[EventType "tourn"]
[EventRounds "13"]
[EventCountry "YUG"]
[EventCategory "10"]
[SourceTitle "CBM 031"]
[Source "ChessBase"]
[SourceDate "1992.12.01"]
[SourceVersion "1"]
[SourceVersionDate "1992.12.01"]
[SourceQuality "1"]

1. Nf3 Nf6 2. g3 e6 3. c4 b6 4. Bg2 Bb7 5. O-O Be7 6. b3 O-O 7. Bb2 c5 8. e3 d5
9. Nc3 Nbd7 10. Qe2 (10. d3 a6 11. Qe2 Qc7 12. Rac1 Rac8 13. Rfd1 Qb8 14. cxd5
Nxd5 15. Nxd5 Bxd5 16. e4 Bb7 17. d4 Rfe8 $13 {Danialov,S-Zlotnik,B Sevilla
1992 CBM/29}) 10... Rc8 (10... Ne4 11. Rfd1 Nxc3 12. Bxc3 Bf6 13. cxd5 Bxd5 14.
d4 cxd4 15. Nxd4 Bxg2 16. Kxg2 Rc8 17. Rac1 Bxd4 18. Bxd4 $14 {Dizdar,
G-Naumkin,I Voskresensk 1990 CBM/19}) (10... Qc7 11. Rac1 Rad8 (11... Rac8 12.
cxd5 exd5 13. d4 Rfe8 14. Rfd1 Bf8 15. Bh3 $14 {Kortschnoj-Adianto Novi Sad ol
1990 50/9}) (11... dxc4 $5) 12. cxd5 Nxd5 13. Nxd5 Bxd5 14. e4 Bb7 15. d4 $14 {
Maus,So-Bischoff,K Hamburg SKA 1991 CBM/24}) 11. d3 Qc7 12. e4 d4 13. Nb5 Qb8
14. Rae1 e5 15. Bc1 a6 16. Na3 Ne8 17. Nd2 Bd6 18. Qg4 Ndf6 19. Qd1 g6 20. Nf3
Ng7 21. Nc2 Rce8 22. Bh6 Kh8 23. b4 Ng8 24. Qd2 Qc7 25. Bxg7+ Kxg7 26. Re2 Bc6
27. Rb1 Bd7 28. Ree1 Rb8 29. Rec1 h6 30. h3 $10 f5 31. exf5 gxf5 32. Re1 Bc6
33. Re2 Rbe8 34. Rbe1 Qb7 (34... Re7 $5) 35. Nh4 $1 Bxg2 36. Nxg2 Nf6 37. Nh4
Nh7 38. f4 $1 Qb8 (38... e4 39. dxe4 fxe4 40. Nxd4 $1 cxd4 41. Qxd4+ Rf6 42.
Nf5+ $18) 39. fxe5 Rxe5 (39... Bxe5 $5) 40. Rxe5 Bxe5 41. Qe2 Bf6 (41... Bxg3
42. Qe7+ Rf7 43. Nxf5+ $18) 42. Nxf5+ Kh8 43. Rf1 Bg5 44. bxc5 bxc5 45. Ne1 Qe8
46. Qxe8 Rxe8 47. h4 Be3+ 48. Kg2 Rb8 49. Nf3 Rb2+ 50. Kh3 Nf8 51. Ne5 Ne6 52.
Ne7 h5 53. Rf7 Ng7 54. Nd7 1-0

[Event "Ostrava"]
[Site "Ostrava"]
[Date "1992.??.??"]
[Round "3"]
[White "Plachetka, Jan"]
[Black "Schmittdiel, Eckhard"]
[Result "0-1"]
[WhiteElo "2475"]
[BlackElo "2480"]
[Annotator "Ribli,Z"]
[PlyCount "94"]
[EventDate "1992.09.??"]
[EventType "tourn"]
[EventRounds "11"]
[EventCountry "CZE"]
[EventCategory "9"]
[SourceTitle "CBM 033"]
[Source "ChessBase"]
[SourceDate "1993.04.01"]
[SourceVersion "1"]
[SourceVersionDate "1993.04.01"]
[SourceQuality "1"]

1. c4 e6 2. Nf3 Nf6 3. g3 d5 4. Bg2 Be7 5. O-O O-O 6. b3 c5 7. Bb2 Nc6 8. e3 d4
9. exd4 cxd4 10. Re1 Re8 (10... Ne8 11. d3 f6 12. Ba3 $1 e5 13. Bxe7 Qxe7 14.
a3 a5 15. Nbd2 Nc7 16. Ne4 Bd7 17. h4 f5 18. Ned2 Qf6 19. b4 $1 axb4 20. axb4
Rxa1 21. Qxa1 Re8 22. b5 Nd8 23. Qa7 $16 {Rotstein,A-Flear,G Paris 1992 55/11})
11. d3 (11. Na3 Bf8 12. Nc2 e5 13. d3 Qc7 14. a3 a5 15. Qd2 Rb8 16. Rac1 Qb6
17. b4 $5 $14 {Greenfeld,A-Gronn,A Oslo 1992 CBM/30}) 11... h6 (11... Bc5 12.
a3 a5 13. Nbd2 e5 14. Ng5 Bg4 15. Bf3 Bd7 16. Bc1 h6 17. Nge4 Nxe4 18. Bxe4 f5
19. Bd5+ Kh7 20. Qh5 g6 21. Qh3 Bf8 22. Nf3 f4 23. Ng5+ Qxg5 24. Qxd7+ Re7 25.
Qh3 $14 {Ftacnik,L-Van Riemsdijk,H Manila izt 1990 CBM/19}) 12. a3 a5 13. Nbd2
Bc5 14. b4 $6 (14. Ne5 $5) 14... axb4 15. Nb3 Bf8 16. Nfxd4 Nxd4 17. Nxd4 Rxa3
$1 18. Rb1 (18. Bxa3 Qxd4 $19) 18... Ra6 19. Nc2 (19. Qb3 $5) 19... Ra2 20. Be5
$1 (20. Nxb4 $2 Bxb4 21. Bxf6 Qxf6 22. Rxb4 Qxf2+ 23. Kh1 Qxg2# $19) 20... Nd7
21. Bf4 Qa5 22. Bd2 Ra4 23. d4 Nb8 24. Re5 Qa8 25. Qe1 (25. Nxb4 $5) 25... Nc6
26. Bxc6 bxc6 27. Bxb4 c5 $1 28. Bxc5 f6 29. Re4 Bxc5 30. dxc5 e5 $1 $44 31.
Nb4 Bf5 32. Nd5 Kf7 (32... Bxe4 33. Qxe4 Ra1 34. Nxf6+ gxf6 35. Qg6+ Kh8 36.
Qxh6+ Kg8 37. Qg6+ Kh8 38. Qh6+ $10) 33. Rd1 Bxe4 34. Qxe4 Ra1 35. Rxa1 Qxa1+
36. Kg2 Qd4 37. Qxd4 exd4 38. Kf3 Re1 39. c6 Ke8 40. Nf4 Kd8 41. Nd3 Re8 42. h4
h5 43. Kf4 Kc7 44. Nb4 Kd6 45. Kf5 Kc5 46. Nd3+ Kxc4 47. Nf4 d3 0-1